[Event "2021 FIDE Online Olympiad"]
[Site "Chess.com"]
[Date "2021.08.29"]
[Round "9.5"]
[White "Kebede, Yoseph Kifle"]
[Black "Razouk, Odyai"]
[Result "0-1"]
[WhiteElo "1814"]
[BlackElo "1883"]
[PlyCount "136"]
[EventDate "2021.08.27"]
[EventType "team"]
[EventRounds "9"]
[SourceVersionDate "2018.05.14"]
[WhiteTeam "Ethiopia"]
[BlackTeam "Syria"]
[WhiteTeamCountry "ETH"]
[BlackTeamCountry "SYR"]

1. e4 c5 2. Nf3 d6 3. Bb5+ Nd7 4. c3 e5 5. O-O a6 6. Ba4 Ngf6 7. d4 Qc7 8. Re1
Be7 9. Bg5 b5 10. Bc2 O-O 11. Nbd2 c4 12. Nf1 Re8 13. Ng3 h6 14. Be3 Ng4 15.
Bd2 Bf8 16. h3 Ngf6 17. Nf5 Nb6 18. N3h4 g5 19. Qc1 Nh7 20. Nf3 Bxf5 21. exf5
Nf6 22. Re3 e4 23. Nh2 d5 24. Ng4 Nxg4 25. hxg4 f6 26. Qe1 Qd7 27. Qe2 Bd6 28.
Rh3 Kg7 29. Re1 a5 30. a3 Rab8 31. g3 Re7 32. Kg2 Rh8 33. Reh1 Nc8 34. Qf1 Qe8
35. Qg1 Qg8 36. Qh2 Qh7 37. Ra1 a4 38. Re1 Ree8 39. Kf1 Qg8 40. Ke2 Rh7 41. Kd1
Qf7 42. Rh1 Reh8 43. Qg2 Ne7 44. Re1 Nc6 45. Rh5 Re8 46. Reh1 Na5 47. Qh3 Reh8
48. Re1 Qc7 49. Qg2 Nb3 50. Bxb3 cxb3 51. Qf1 Qc4 52. Qxc4 bxc4 53. Ke2 Re8 54.
Be3 Bf8 55. Reh1 Kg8 56. Kf1 Rb7 57. Kg2 Rbb8 58. Re1 Rb7 59. Re2 Bxa3 60. Rxh6
Bxb2 61. Re1 Rh7 62. Rxf6 Bxc3 63. Rd1 a3 64. Rg6+ Rg7 65. Rh6 a2 66. Ra6 a1=Q
67. Rdxa1 Bxa1 68. Rxa1 b2 0-1

[Event "2021 FIDE Online Olympiad"]
[Site "Chess.com"]
[Date "2021.08.29"]
[Round "9.6"]
[White "Ahmad Murad, Fatema Alzahraa"]
[Black "Lema, Bitaniya Ermiyas"]
[Result "1-0"]
[WhiteElo "1568"]
[BlackElo "1000"]
[PlyCount "107"]
[EventDate "2021.08.27"]
[EventType "team"]
[EventRounds "9"]
[SourceVersionDate "2018.05.14"]
[WhiteTeam "Syria"]
[BlackTeam "Ethiopia"]
[WhiteTeamCountry "SYR"]
[BlackTeamCountry "ETH"]

1. d4 Nf6 2. c4 e6 3. Nc3 d5 4. e3 Be7 5. Nf3 c5 6. Be2 cxd4 7. Nxd4 O-O 8. O-O
Nc6 9. cxd5 Nxd5 10. Nxd5 Qxd5 11. Bf3 Qc5 12. Nb3 Qe5 13. Qe2 Rb8 14. Rd1 Qf6
15. Rb1 Ne5 16. Be4 b6 17. Bd2 Bb7 18. Bxb7 Rxb7 19. Bc3 Rd8 20. f4 Rbd7 21.
Bxe5 Rxd1+ 22. Rxd1 Rxd1+ 23. Qxd1 Qf5 24. Qc1 f6 25. Bd4 e5 26. fxe5 fxe5 27.
Qc4+ Kf8 28. Bc3 Bh4 29. Qf1 Qxf1+ 30. Kxf1 Bf6 31. Nd2 Ke7 32. Ne4 Ke6 33.
Nxf6 gxf6 34. Kf2 Kf5 35. Kf3 e4+ 36. Kg3 h5 37. h4 a5 38. a4 Ke6 39. Bd4 f5
40. Bxb6 Kd5 41. Bxa5 Kc4 42. Bc3 Kd3 43. Bd4 Kc4 44. a5 Kd3 45. a6 f4+ 46.
Kxf4 Kc4 47. a7 Kd3 48. a8=Q Kc4 49. Qc8+ Kd3 50. Qc3+ Ke2 51. Qc2+ Kf1 52. Kg3
Ke1 53. Bc3+ Kf1 54. Qd1# 1-0

[Event "2021 FIDE Online Olympiad"]
[Site "Chess.com"]
[Date "2021.08.29"]
[Round "9.2"]
[White "Vaz, Jose Carlos"]
[Black "Loay, Sameer"]
[Result "0-1"]
[WhiteElo "1000"]
[BlackElo "2050"]
[PlyCount "106"]
[EventDate "2021.08.27"]
[EventType "team"]
[EventRounds "9"]
[SourceVersionDate "2018.05.14"]
[WhiteTeam "Cape Verde"]
[BlackTeam "Jordan"]
[BlackTeamCountry "JOR"]

1. e4 d6 2. Nf3 g6 3. d4 Bg7 4. c4 Nf6 5. Nc3 O-O 6. h3 Na6 7. a3 e5 8. dxe5
dxe5 9. Qxd8 Rxd8 10. Bg5 Re8 11. Be2 Nc5 12. Bxf6 Bxf6 13. Nd5 Bd8 14. b4 Nxe4
15. O-O c6 16. Ne3 Bc7 17. Rfe1 Be6 18. c5 Nc3 19. Bf1 Rad8 20. Rac1 Nd5 21.
Nc4 f6 22. Ncd2 Kg7 23. Ne4 h6 24. b5 Nf4 25. Red1 Bd5 26. Ned2 Ne6 27. bxc6
bxc6 28. Nh2 f5 29. Be2 Nd4 30. Bf1 Kf6 31. Nc4 Rb8 32. Ne3 Bf7 33. Nf3 Nxf3+
34. gxf3 Red8 35. Nc4 Bd5 36. Rc3 g5 37. Ne3 Bxf3 38. Rxd8 Rxd8 39. Nxf5 e4 40.
Nxh6 Rd1 41. Ng4+ Ke6 42. Ne3 Ra1 43. Rc2 Bf4 44. Rd2 Rxa3 45. Bc4+ Kf6 46. Rd7
Bxe3 47. fxe3 Rxe3 48. Rd6+ Ke5 49. Rxc6 Rc3 50. Bf1 e3 51. Rc8 Kf4 52. Rf8+
Kg3 53. Re8 e2 0-1

[Event "2021 FIDE Online Olympiad"]
[Site "Chess.com"]
[Date "2021.08.29"]
[Round "9.4"]
[White "Moreno, Akiane"]
[Black "Alattar, Ghayda M."]
[Result "0-1"]
[WhiteElo "1000"]
[BlackElo "1950"]
[PlyCount "44"]
[EventDate "2021.08.27"]
[EventType "team"]
[EventRounds "9"]
[SourceVersionDate "2018.05.14"]
[WhiteTeam "Cape Verde"]
[BlackTeam "Jordan"]
[BlackTeamCountry "JOR"]

1. e4 d6 2. Nf3 Nf6 3. Bc4 Nxe4 4. d3 Nf6 5. Nc3 c6 6. Bb3 g6 7. Bg5 Bg7 8. Qe2
O-O 9. O-O Bg4 10. h3 Bxf3 11. Qxf3 d5 12. Rae1 Re8 13. Re3 d4 14. Re2 dxc3 15.
bxc3 Qa5 16. Rfe1 Qxg5 17. Rxe7 Rxe7 18. Rxe7 Nbd7 19. Re8+ Rxe8 20. h4 Re1+
21. Kh2 Qxh4+ 22. Qh3 Ng4# 0-1

[Event "2021 FIDE Online Olympiad"]
[Site "Chess.com"]
[Date "2021.08.29"]
[Round "9.6"]
[White "Gosrani, Naiya"]
[Black "Assoum, Nour"]
[Result "0-1"]
[WhiteElo "1358"]
[BlackElo "1400"]
[PlyCount "72"]
[EventDate "2021.08.27"]
[EventType "team"]
[EventRounds "9"]
[SourceVersionDate "2018.05.14"]
[WhiteTeam "Kenya"]
[BlackTeam "Lebanon"]
[WhiteTeamCountry "KEN"]
[BlackTeamCountry "LBN"]

1. e4 e5 2. Nf3 Nc6 3. Bc4 Bc5 4. Nc3 Nf6 5. d3 h6 6. Be3 Bb6 7. O-O d6 8. h3
Na5 9. Bb3 O-O 10. d4 exd4 11. Bxd4 Bxd4 12. Nxd4 Re8 13. Re1 a6 14. a3 c5 15.
Nf3 Nxb3 16. cxb3 b5 17. e5 dxe5 18. Nxe5 Qc7 19. Nd3 Bb7 20. Qd2 Qc6 21. f3
Red8 22. Qc2 Nh5 23. Ne4 c4 24. bxc4 bxc4 25. Nb4 Qb6+ 26. Qf2 Qg6 27. Rac1 a5
28. Na2 Nf4 29. Kh2 Nd3 30. Qe3 Nxc1 31. Rxc1 Rd3 32. Qf2 Rad8 33. Nc5 Rd2 34.
Qg3 Qxg3+ 35. Kxg3 Bc8 36. Rxc4 Rxb2 0-1

[Event "2021 FIDE Online Olympiad"]
[Site "Chess.com"]
[Date "2021.08.27"]
[Round "1.1"]
[White "Mohamed Saeed, Laily"]
[Black "Fejzullahu, Afrim"]
[Result "0-1"]
[WhiteElo "1591"]
[BlackElo "2259"]
[PlyCount "136"]
[EventDate "2021.08.27"]
[EventType "team"]
[EventRounds "9"]
[SourceVersionDate "2018.05.14"]
[WhiteTeam "United Arab Emirates"]
[BlackTeam "Kosovo"]
[WhiteTeamCountry "UAE"]
[BlackTeamCountry "KOS"]

1. d4 Nf6 2. Nc3 d5 3. Bf4 c6 4. e3 e6 5. Bd3 Bd6 6. Nf3 c5 7. dxc5 Bxf4 8.
exf4 Qa5 9. O-O Qxc5 10. g3 O-O 11. Ne2 Nc6 12. c3 Re8 13. Ned4 Bd7 14. Re1 a6
15. a4 Rac8 16. Qe2 Re7 17. Nxc6 Bxc6 18. Nd4 Rce8 19. Qe3 Qd6 20. Nf3 g6 21.
Qd4 Nd7 22. b4 e5 23. fxe5 Nxe5 24. Nxe5 Rxe5 25. Rxe5 Qxe5 26. b5 axb5 27.
axb5 Bd7 28. Qxe5 Rxe5 29. Kg2 Re6 30. Kf3 Rb6 31. Rb1 Kf8 32. Ke3 Ke7 33. Kd4
Kd6 34. Re1 Be6 35. f4 Kc7 36. Ra1 Rd6 37. Kc5 Rd8 38. b6+ Kb8 39. Kd4 Rd6 40.
Rb1 Kc8 41. f5 Bxf5 42. Bxf5+ gxf5 43. Ke5 Kd7 44. Kxf5 Kc6 45. Ke5 Re6+ 46.
Kd4 Rh6 47. Rb2 Re6 48. Rf2 f6 49. Rf5 Kxb6 50. Kxd5 Rc6 51. c4 Rc5+ 52. Ke6
Rxf5 53. Kxf5 Kc5 54. Kxf6 Kxc4 55. g4 b5 56. h4 b4 57. Kg7 b3 58. Kxh7 b2 59.
g5 b1=Q+ 60. g6 Qf5 61. Kh6 Qf4+ 62. Kg7 Qxh4 63. Kf7 Qf4+ 64. Kg8 Kd5 65. g7
Ke6 66. Kh7 Qh4+ 67. Kg6 Qg4+ 68. Kh7 Kf7 0-1

[Event "2021 FIDE Online Olympiad"]
[Site "Chess.com"]
[Date "2021.08.27"]
[Round "1.2"]
[White "Bardhi, Valmor"]
[Black "Khalifah, Khaled"]
[Result "0-1"]
[WhiteElo "2171"]
[BlackElo "1555"]
[PlyCount "70"]
[EventDate "2021.08.27"]
[EventType "team"]
[EventRounds "9"]
[SourceVersionDate "2018.05.14"]
[WhiteTeam "Kosovo"]
[BlackTeam "United Arab Emirates"]
[WhiteTeamCountry "KOS"]
[BlackTeamCountry "UAE"]

1. e4 c5 2. Nf3 a6 3. d4 cxd4 4. Nxd4 e5 5. Nf3 Nf6 6. Nc3 Nc6 7. Bg5 Bb4 8.
Bd3 O-O 9. O-O h6 10. Bh4 Bxc3 11. bxc3 d6 12. h3 Be6 13. Rb1 b5 14. a4 bxa4
15. Ra1 g5 16. Bg3 Qa5 17. Ra3 Qc5 18. Qa1 Nh5 19. Bh2 g4 20. hxg4 Bxg4 21. Nh4
Kh7 22. Rxa4 a5 23. Rb1 Rg8 24. Rc4 Qa7 25. Rxc6 Qe7 26. Bg3 Nxg3 27. fxg3 Bd7
28. Nf5 Qg5 29. Rxd6 Bxf5 30. exf5 Qxg3 31. Bf1 Qe3+ 32. Kh2 Rg5 33. g4 Rxg4
34. Rd3 Qf2+ 35. Kh3 Rh4# 0-1

[Event "2021 FIDE Online Olympiad"]
[Site "Chess.com"]
[Date "2021.08.27"]
[Round "1.4"]
[White "Saraci, Rinesa"]
[Black "Latifah, Darmaki"]
[Result "0-1"]
[WhiteElo "1184"]
[BlackElo "1299"]
[PlyCount "160"]
[EventDate "2021.08.27"]
[EventType "team"]
[EventRounds "9"]
[SourceVersionDate "2018.05.14"]
[WhiteTeam "Kosovo"]
[BlackTeam "United Arab Emirates"]
[WhiteTeamCountry "KOS"]
[BlackTeamCountry "UAE"]

1. e4 e5 2. Nf3 Nc6 3. Bb5 a6 4. Ba4 Nf6 5. O-O b5 6. Bb3 Be7 7. Re1 O-O 8. h3
d6 9. c3 Na5 10. Bc2 c5 11. d4 Qc7 12. Nbd2 Re8 13. Nf1 Bb7 14. Ng3 Rac8 15.
Be3 cxd4 16. Bd2 Nc4 17. Bc1 dxc3 18. bxc3 Bf8 19. Bg5 Qe7 20. Nh5 Rcd8 21.
Bxf6 gxf6 22. Nh4 Qe6 23. Qf3 f5 24. Qg3+ Kh8 25. Nxf5 Qg6 26. Qxg6 fxg6 27.
Nf6 Re6 28. Nd5 gxf5 29. exf5 Ree8 30. Nf6 Bg7 31. Nxe8 Rxe8 32. g4 e4 33. Bb3
Bxc3 34. Rac1 Bxe1 35. Rxe1 Nd2 36. Bc2 Nf3+ 37. Kf1 Nxe1 38. Kxe1 e3 39. Ke2
exf2+ 40. Kxf2 Be4 41. Bb3 d5 42. Kg3 Bd3 43. Bxd5 Re3+ 44. Kh4 Bf1 45. f6 h6
46. Kh5 Rxh3+ 47. Kg6 Bd3+ 48. Kf7 Bc4 49. Be6 Bxe6+ 50. Kxe6 Rf3 51. f7 Kg7
52. Kd5 Rxf7 53. Kc6 Rf4 54. Kb6 Rxg4 55. Kxa6 h5 56. Kxb5 h4 57. a4 h3 58. a5
h2 59. a6 h1=Q 60. a7 Qb1+ 61. Kc6 Rc4+ 62. Kd5 Rc1 63. a8=Q Rd1+ 64. Ke5 Re1+
65. Kd6 Qd3+ 66. Kc7 Rc1+ 67. Kb8 Rb1+ 68. Kc7 Qc3+ 69. Kd6 Rd1+ 70. Ke6 Qe3+
71. Kf5 Rf1+ 72. Kg4 Qg1+ 73. Kh3 Qe3+ 74. Kh4 Rf4+ 75. Kg5 Ra4+ 76. Kf5 Rxa8
77. Kg4 Ra1 78. Kf5 Rf1+ 79. Kg4 Qf3+ 80. Kg5 Rg1+ 0-1

[Event "2021 FIDE Online Olympiad"]
[Site "Chess.com"]
[Date "2021.08.27"]
[Round "1.6"]
[White "Recica, Jona"]
[Black "Rouda Essa, Alserkal"]
[Result "0-1"]
[WhiteElo "1000"]
[BlackElo "1295"]
[PlyCount "70"]
[EventDate "2021.08.27"]
[EventType "team"]
[EventRounds "9"]
[SourceVersionDate "2018.05.14"]
[WhiteTeam "Kosovo"]
[BlackTeam "United Arab Emirates"]
[WhiteTeamCountry "KOS"]
[BlackTeamCountry "UAE"]

1. e4 e5 2. Nf3 Nc6 3. Bc4 Bc5 4. O-O Nf6 5. Nc3 d6 6. h3 h6 7. d3 g5 8. Be3 g4
9. hxg4 Bxg4 10. Na4 Bb6 11. Nxb6 axb6 12. c3 Qd7 13. d4 Nxe4 14. dxe5 dxe5 15.
Qxd7+ Bxd7 16. Be2 f5 17. Nd2 Nf6 18. f4 e4 19. Bb5 Ng4 20. Bd4 Nxd4 21. Bxd7+
Kxd7 22. cxd4 Ne3 23. Rfc1 Rhg8 24. Kf2 Nxg2 25. Ke2 Nxf4+ 26. Ke3 Nd3 27. Rc3
Rae8 28. Rac1 f4+ 29. Ke2 Nxc1+ 30. Rxc1 f3+ 31. Kf2 e3+ 32. Kxf3 exd2 33. Rd1
Rgf8+ 34. Kg4 Rf2 35. Kh5 Re1 0-1

[Event "2021 FIDE Online Olympiad"]
[Site "Chess.com"]
[Date "2021.08.27"]
[Round "1.1"]
[White "Miguel, Sergio"]
[Black "Adu, Oladapo"]
[Result "0-1"]
[WhiteElo "2179"]
[BlackElo "2327"]
[PlyCount "134"]
[EventDate "2021.08.27"]
[EventType "team"]
[EventRounds "9"]
[SourceVersionDate "2018.05.14"]
[WhiteTeam "Angola"]
[BlackTeam "Nigeria"]
[WhiteTeamCountry "ANG"]
[BlackTeamCountry "NGR"]

1. e4 c5 2. Nf3 d6 3. d4 cxd4 4. Nxd4 Nf6 5. Nc3 a6 6. h3 e6 7. g4 Be7 8. Bg2
Qc7 9. Be3 Nc6 10. Qe2 O-O 11. g5 Nd7 12. h4 Nde5 13. O-O-O b5 14. f4 Nc4 15.
Nxc6 Qxc6 16. e5 d5 17. f5 Bb7 18. f6 Bb4 19. Bd4 Rfc8 20. Rd3 Bc5 21. Rhh3
Bxd4 22. Rxd4 b4 23. Nd1 Qc7 24. h5 Qxe5 25. Qxe5 Nxe5 26. Rxb4 Rc7 27. Rhb3
Ra7 28. Nc3 h6 29. fxg7 Kxg7 30. gxh6+ Kxh6 31. Ne2 Nc4 32. Rc3 a5 33. Rb5 Ba6
34. Rb8 Rc8 35. Rxc8 Bxc8 36. b3 Nd6 37. Rc6 Ra6 38. Rxa6 Bxa6 39. Bf3 e5 40.
Nc3 e4 41. Bg2 Bb7 42. Kd2 d4 43. Ne2 e3+ 44. Kd3 Bxg2 45. Nxd4 Kxh5 46. Kxe3
Kg5 47. c4 Nf5+ 48. Kf2 Nxd4 49. Kxg2 Kf4 50. Kf2 Ke4 51. c5 f5 52. a3 Kd5 53.
b4 axb4 54. axb4 Nc6 55. b5 Ne7 56. c6 Kc5 57. Kf3 Kxb5 58. c7 Kc6 59. c8=Q+
Nxc8 60. Kf4 Nd6 61. Ke5 Kd7 62. Kd5 Ke7 63. Ke5 Kf7 64. Kf4 Kf6 65. Kf3 Ke5
66. Ke3 f4+ 67. Kf3 Kf5 0-1

[Event "2021 FIDE Online Olympiad"]
[Site "Chess.com"]
[Date "2021.08.27"]
[Round "1.2"]
[White "Olape, Bunmi"]
[Black "Domingos, Catarino"]
[Result "1-0"]
[WhiteElo "2251"]
[BlackElo "2263"]
[PlyCount "117"]
[EventDate "2021.08.27"]
[EventType "team"]
[EventRounds "9"]
[SourceVersionDate "2018.05.14"]
[WhiteTeam "Nigeria"]
[BlackTeam "Angola"]
[WhiteTeamCountry "NGR"]
[BlackTeamCountry "ANG"]

1. e4 e5 2. Nf3 Nc6 3. Bb5 a6 4. Ba4 Nf6 5. O-O d6 6. Re1 Bd7 7. c3 Be7 8. d3
O-O 9. Nbd2 b5 10. Bc2 Re8 11. Nf1 Bf8 12. Ng3 h6 13. Nh4 g6 14. Bb3 Na5 15.
Nxg6 Nxb3 16. Nxf8 Nxa1 17. Nxd7 Nxd7 18. Bxh6 Re6 19. Be3 Rg6 20. Qxa1 Nf6 21.
h3 Nh7 22. Nf5 Kh8 23. Qd1 Qf6 24. Qh5 Rag8 25. g3 Re8 26. h4 Kg8 27. Kg2 Qe6
28. b3 Nf6 29. Qe2 Kh7 30. Bg5 Kg8 31. c4 Nh7 32. Bd2 Kh8 33. Qh5 c6 34. Bb4 c5
35. Bd2 b4 36. Ra1 Ra8 37. a3 bxa3 38. Rxa3 Qd7 39. b4 cxb4 40. Bxb4 Rb8 41.
Bc3 Rb6 42. f4 Kg8 43. fxe5 dxe5 44. Bxe5 Nf6 45. Qf3 Ng4 46. Bc3 Qe6 47. Qf4
Nf6 48. Qc7 Ne8 49. Qd8 Kh7 50. Ne7 Qg4 51. Nxg6 Rxg6 52. Be1 Qe2+ 53. Bf2 Nf6
54. Qe7 Ng4 55. Qxf7+ Rg7 56. Qf3 Qb2 57. Rxa6 Ne5 58. Qf5+ Ng6 59. h5 1-0

[Event "2021 FIDE Online Olympiad"]
[Site "Chess.com"]
[Date "2021.08.27"]
[Round "1.3"]
[White "Caxita, Esperanca"]
[Black "Assa, Oluwaseun"]
[Result "1-0"]
[WhiteElo "1837"]
[BlackElo "1889"]
[PlyCount "145"]
[EventDate "2021.08.27"]
[EventType "team"]
[EventRounds "9"]
[SourceVersionDate "2018.05.14"]
[WhiteTeam "Angola"]
[BlackTeam "Nigeria"]
[WhiteTeamCountry "ANG"]
[BlackTeamCountry "NGR"]

1. e4 e5 2. Nf3 d6 3. Bc4 Be6 4. Bxe6 fxe6 5. d4 exd4 6. Nxd4 Qf6 7. Qh5+ Qf7
8. Qb5+ c6 9. Qb3 e5 10. Ne6 Na6 11. Be3 Nf6 12. Nxf8 Qxb3 13. axb3 Rxf8 14. f3
Nd7 15. Na3 Nac5 16. Nc4 Ke7 17. Rd1 Ne6 18. c3 Rfd8 19. Nxd6 Ndc5 20. Nf5+ Kf6
21. Ke2 Nxb3 22. Nd6 Nbc5 23. b4 Na4 24. Rd3 b5 25. h4 Nf4+ 26. Bxf4 exf4 27.
Rc1 Ke6 28. Nf5 Rxd3 29. Kxd3 Rd8+ 30. Kc2 g6 31. Nd4+ Kd6 32. Rd1 Rc8 33.
Nxb5+ Ke5 34. Nd6 Rc7 35. Nc4+ Ke6 36. Rd8 c5 37. Kb3 Nb6 38. Nxb6 axb6 39.
bxc5 bxc5 40. Kc4 Ke7 41. Rd5 Ra7 42. Rd2 Rc7 43. e5 Ke6 44. Re2 h6 45. Kb5 Kd5
46. e6 Rb7+ 47. Ka6 Re7 48. Kb6 c4 49. Re4 g5 50. h5 Rxe6+ 51. Rxe6 Kxe6 52.
Kc5 Kf5 53. Kxc4 g4 54. Kd5 gxf3 55. gxf3 Kg5 56. c4 Kh4 57. c5 Kg3 58. Ke4 Kh4
59. c6 Kxh5 60. Kxf4 Kh4 61. c7 h5 62. Ke4 Kg3 63. c8=Q h4 64. Qg8+ Kf2 65. f4
h3 66. f5 h2 67. Qh7 Kg1 68. f6 h1=Q+ 69. Qxh1+ Kxh1 70. f7 Kg2 71. f8=Q Kh2
72. Qg7 Kh1 73. Kf3 1-0

[Event "2021 FIDE Online Olympiad"]
[Site "Chess.com"]
[Date "2021.08.27"]
[Round "1.4"]
[White "Ogbiyoyo, Perpetual Eloho"]
[Black "Junior, Ednasia"]
[Result "0-1"]
[WhiteElo "1792"]
[BlackElo "1768"]
[PlyCount "36"]
[EventDate "2021.08.27"]
[EventType "team"]
[EventRounds "9"]
[SourceVersionDate "2018.05.14"]
[WhiteTeam "Nigeria"]
[BlackTeam "Angola"]
[WhiteTeamCountry "NGR"]
[BlackTeamCountry "ANG"]

1. e4 c5 2. Nc3 e6 3. f4 a6 4. g3 Qc7 5. Bg2 d6 6. Nh3 Nf6 7. O-O Be7 8. d3 O-O
9. g4 Nc6 10. g5 Ne8 11. f5 f6 12. Qh5 fxg5 13. Bxg5 h6 14. Bxh6 gxh6 15. Qg6+
Ng7 16. f6 Bxf6 17. Rxf6 Rxf6 18. Qf7+ Qxf7 0-1

[Event "2021 FIDE Online Olympiad"]
[Site "Chess.com"]
[Date "2021.08.27"]
[Round "1.5"]
[White "Junior, Domingos"]
[Black "Okemakinde, Toluwanimi"]
[Result "1-0"]
[WhiteElo "1874"]
[BlackElo "1975"]
[PlyCount "129"]
[EventDate "2021.08.27"]
[EventType "team"]
[EventRounds "9"]
[SourceVersionDate "2018.05.14"]
[WhiteTeam "Angola"]
[BlackTeam "Nigeria"]
[WhiteTeamCountry "ANG"]
[BlackTeamCountry "NGR"]

1. e4 e5 2. Nf3 Nc6 3. Bc4 Bc5 4. O-O d6 5. c3 Bg4 6. h3 Bxf3 7. Qxf3 Qf6 8.
Qe2 Nge7 9. d3 Ng6 10. Be3 Bb6 11. a4 O-O 12. Nd2 Rad8 13. b4 Bxe3 14. fxe3 Qe7
15. Qh5 Qh4 16. Qf5 Qe7 17. Nf3 Nh4 18. Nxh4 Qxh4 19. Bxf7+ Kh8 20. Qh5 Qxh5
21. Bxh5 g6 22. Bg4 Kg7 23. Be6 b6 24. a5 Rxf1+ 25. Kxf1 bxa5 26. b5 Re8 27.
bxc6 Rxe6 28. Rxa5 Re8 29. Rxa7 Rc8 30. Ke2 Kf6 31. d4 Ke6 32. c4 Ke7 33. Kf3
Kd8 34. dxe5 dxe5 35. Ra5 Ke7 36. Rxe5+ Kd6 37. Rd5+ Kxc6 38. Kf4 h6 39. h4
Rf8+ 40. Kg4 Rf2 41. g3 Re2 42. Kf3 Rc2 43. Rd4 Kc5 44. e5 Ra2 45. e6 Ra8 46.
e7 Re8 47. Re4 Kd6 48. Kf4 c6 49. g4 Kd7 50. h5 gxh5 51. gxh5 Rxe7 52. Rxe7+
Kxe7 53. Ke5 Kd7 54. c5 Ke7 55. e4 Kf7 56. Kf5 Kg7 57. e5 Kf7 58. e6+ Ke7 59.
Ke5 Ke8 60. Kd6 Kd8 61. Kxc6 Ke7 62. Kd5 Ke8 63. c6 Kd8 64. Kd6 Kc8 65. e7 1-0

[Event "2021 FIDE Online Olympiad"]
[Site "Chess.com"]
[Date "2021.08.27"]
[Round "1.6"]
[White "Pelomoh, Jessica"]
[Black "Paulo, Jemima"]
[Result "0-1"]
[WhiteElo "1737"]
[BlackElo "1754"]
[PlyCount "126"]
[EventDate "2021.08.27"]
[EventType "team"]
[EventRounds "9"]
[SourceVersionDate "2018.05.14"]
[WhiteTeam "Nigeria"]
[BlackTeam "Angola"]
[WhiteTeamCountry "NGR"]
[BlackTeamCountry "ANG"]

1. d4 Nf6 2. Nf3 g6 3. Bf4 Bg7 4. h3 O-O 5. e3 d6 6. c4 Nbd7 7. Nc3 c6 8. Be2
Ne8 9. Bh2 e5 10. dxe5 dxe5 11. Bxe5 Bxe5 12. Nxe5 Ng7 13. Nxd7 Bxd7 14. O-O
Qe7 15. Qb3 Be6 16. Rad1 f5 17. Rd2 f4 18. exf4 Rxf4 19. Rfd1 Raf8 20. Bf1 Qf7
21. Qc2 Bxc4 22. Bxc4 Qxc4 23. b3 Qc5 24. Na4 Qg5 25. Nc5 b6 26. Ne4 Qf5 27.
Ng3 Qxc2 28. Rxc2 c5 29. Rd7 R4f7 30. Rcd2 Ne6 31. f3 Nd4 32. Rxf7 Kxf7 33. Ne2
Rd8 34. Kf2 Ke6 35. g4 Ke5 36. Ke3 g5 37. a3 a5 38. f4+ gxf4+ 39. Nxf4 Re8 40.
Ne2 Nxb3 41. Rb2 a4 42. Nc3 c4 43. Nxa4 Kd5+ 44. Kf4 b5 45. Nc3+ Kc5 46. Ne4+
Kd4 47. Nf6 Re7 48. h4 Kc3 49. Rb1 Nd4 50. Nd5+ Kc2 51. Nxe7 Kxb1 52. Nd5 Ka2
53. Nc3+ Kb3 54. Nd5 Kxa3 55. Ke3 Ne6 56. Kd2 b4 57. Ne3 c3+ 58. Kc2 Nd4+ 59.
Kb1 c2+ 60. Kc1 b3 61. Nc4+ Kb4 62. Nd2 Ne2+ 63. Kb2 c1=Q# 0-1

[Event "2021 FIDE Online Olympiad"]
[Site "Chess.com"]
[Date "2021.08.27"]
[Round "1.1"]
[White "Khaled.A, Hemaid"]
[Black "Blackburn, Jonathan L B"]
[Result "1-0"]
[WhiteElo "1928"]
[BlackElo "2195"]
[PlyCount "131"]
[EventDate "2021.08.27"]
[EventType "team"]
[EventRounds "9"]
[SourceVersionDate "2018.05.14"]
[WhiteTeam "Palestine"]
[BlackTeam "Wales"]
[WhiteTeamCountry "PLE"]
[BlackTeamCountry "WLS"]

1. e4 e6 2. d4 d5 3. Nd2 Nc6 4. c3 e5 5. exd5 Qxd5 6. dxe5 Nxe5 7. Qe2 Be7 8.
Ngf3 Nxf3+ 9. Nxf3 Bg4 10. Qb5+ Qxb5 11. Bxb5+ c6 12. Be2 Nf6 13. O-O O-O 14.
Re1 Bc5 15. h3 Bh5 16. Nd4 Bxe2 17. Rxe2 Rfe8 18. Kf1 Bxd4 19. cxd4 Nd5 20. Bd2
Rxe2 21. Kxe2 f6 22. Kd3 Kf7 23. Re1 Re8 24. Rxe8 Kxe8 25. Kc4 Kd7 26. b4 b5+
27. Kd3 Ke6 28. Ke4 f5+ 29. Kd3 Nf6 30. f3 g6 31. Bg5 Nd5 32. Bd2 Nb6 33. Bc3
Kd5 34. Bd2 Nc4 35. Bc1 Nb6 36. Bd2 Nd7 37. Bg5 Nf8 38. Bf4 Ne6 39. Be3 a6 40.
h4 f4 41. Bf2 Ng7 42. Kc3 Nf5 43. Kd3 Nd6 44. Bg1 Nf5 45. Bf2 h6 46. Kc3 Ne3
47. Bxe3 fxe3 48. Kd3 e2 49. Kxe2 Kxd4 50. g4 g5 51. hxg5 hxg5 52. f4 gxf4 53.
Kf3 c5 54. bxc5 Kxc5 55. Kxf4 b4 56. g5 Kd6 57. Ke4 a5 58. Kd4 a4 59. Kc4 b3
60. axb3 a3 61. Kc3 Ke5 62. b4 Kf5 63. b5 Kxg5 64. b6 Kf6 65. b7 a2 66. Kb2 1-0

[Event "2021 FIDE Online Olympiad"]
[Site "Chess.com"]
[Date "2021.08.27"]
[Round "1.2"]
[White "Garcia, Jason"]
[Black "Alqwasma, Mohamed"]
[Result "1-0"]
[WhiteElo "2067"]
[BlackElo "1732"]
[PlyCount "115"]
[EventDate "2021.08.27"]
[EventType "team"]
[EventRounds "9"]
[SourceVersionDate "2018.05.14"]
[WhiteTeam "Wales"]
[BlackTeam "Palestine"]
[WhiteTeamCountry "WLS"]
[BlackTeamCountry "PLE"]

1. Nf3 Nf6 2. c4 g6 3. b3 Bg7 4. Bb2 O-O 5. g3 d6 6. d4 Nbd7 7. Bg2 c6 8. O-O
Re8 9. Nc3 e5 10. e4 exd4 11. Nxd4 a5 12. Re1 Nc5 13. Qc2 Nfd7 14. Rad1 Ne5 15.
f4 Ng4 16. h3 Nh6 17. Nf3 f5 18. Ng5 Nf7 19. Nxf7 Kxf7 20. Kh2 Qc7 21. Re2 fxe4
22. Nxe4 Nxe4 23. Bxe4 Bd7 24. Bxg7 Kxg7 25. Rde1 Rad8 26. Qc3+ Kg8 27. Qd3 Be6
28. Bxg6 hxg6 29. Qxg6+ Qg7 30. Qxg7+ Kxg7 31. Rxe6 Rxe6 32. Rxe6 Kf7 33. Re2
d5 34. cxd5 Rxd5 35. Kg2 a4 36. bxa4 Ra5 37. Rb2 Ra7 38. g4 Ke6 39. Kg3 Kd5 40.
h4 c5 41. h5 c4 42. h6 c3 43. Rc2 Kd4 44. h7 Ra8 45. g5 Kd3 46. Rc1 Kd2 47. Rh1
c2 48. g6 Rh8 49. f5 Rf8 50. Kg4 Rd8 51. g7 Rd3 52. g8=Q Rd4+ 53. Kg5 Rd3 54.
Qc4 Rg3+ 55. Kf6 Re3 56. Rh2+ Kd1 57. Qxc2+ Ke1 58. Rh1# 1-0

[Event "2021 FIDE Online Olympiad"]
[Site "Chess.com"]
[Date "2021.08.27"]
[Round "1.3"]
[White "Taqwa, Hamouri"]
[Black "Chong, Kimberly"]
[Result "0-1"]
[WhiteElo "1116"]
[BlackElo "1790"]
[PlyCount "54"]
[EventDate "2021.08.27"]
[EventType "team"]
[EventRounds "9"]
[SourceVersionDate "2018.05.14"]
[WhiteTeam "Palestine"]
[BlackTeam "Wales"]
[WhiteTeamCountry "PLE"]
[BlackTeamCountry "WLS"]

1. e4 d5 2. exd5 Nf6 3. c4 c6 4. d4 cxd5 5. Nf3 Nc6 6. Nc3 Bf5 7. a3 e6 8. Bf4
Bd6 9. Bxd6 Qxd6 10. Nb5 Qd7 11. c5 O-O 12. Be2 Ne4 13. Nh4 Qe7 14. Nxf5 exf5
15. O-O Qg5 16. f3 Qe3+ 17. Kh1 Nf2+ 18. Rxf2 Qxf2 19. b4 Rfe8 20. Bf1 Re7 21.
Nd6 Nxd4 22. Bd3 Nb3 23. Nxf5 Re6 24. Rb1 Nd2 25. Ra1 Rae8 26. Qg1 Re1 27. h3
Qxg1# 0-1

[Event "2021 FIDE Online Olympiad"]
[Site "Chess.com"]
[Date "2021.08.27"]
[Round "1.4"]
[White "Wilson, Julie"]
[Black "Faqeeh, Rahaf"]
[Result "1/2-1/2"]
[WhiteElo "1826"]
[BlackElo "1444"]
[PlyCount "56"]
[EventDate "2021.08.27"]
[EventType "team"]
[EventRounds "9"]
[SourceVersionDate "2018.05.14"]
[WhiteTeam "Wales"]
[BlackTeam "Palestine"]
[WhiteTeamCountry "WLS"]
[BlackTeamCountry "PLE"]

1. d4 Nf6 2. c4 g6 3. Nc3 Bg7 4. e4 d6 5. Nge2 O-O 6. Ng3 b6 7. Be2 Bb7 8. O-O
Nbd7 9. Be3 c6 10. Qd2 e5 11. d5 cxd5 12. cxd5 Rc8 13. Rac1 Nc5 14. b4 Na6 15.
a3 Nc7 16. Bg5 Ba6 17. b5 Bb7 18. f4 Qe8 19. fxe5 Qxe5 20. Bf4 Qe7 21. Bf3 Nd7
22. a4 Ne8 23. Rfe1 Ne5 24. Be2 Nc4 25. Qd3 Ne5 26. Qd2 Nc4 27. Qd3 Nb2 28. Qd2
Nc4 1/2-1/2